000
00305pab a2200133 454500
008
180718b1983 xxu||||| |||| 00| 0 eng d
245
_a
Capital special report
_b
Many faces of Calcutta
260
_c
1983
300
_a
21-36
362
_a
18 Apr.
650
_a
Calcutta
773
_a
Capital
909
_a
5092
999
_c
5092
_d
5092